书目信息 |
| 题名: |
毛泽东手迹精读
|
|
| 作者: | 毛泽东 著 ;中央档案馆 编 | |
| 分册: | ||
| 出版信息: | 北京 北京出版社 2014 |
|
| 页数: | 122页 | |
| 开本: | 31cm | |
| 丛书名: | ||
| 单 册: | ||
| 中图分类: | A45 | |
| 科图分类: | ||
| 主题词: | ||
| 电子资源: | ||
| ISBN: | 978-7-200-10353-3 | |
| 000 | 00777nam0 2200229 450 | |
| 001 | 2049020852 | |
| 005 | 20201203133731.06 | |
| 010 | @a978-7-200-10353-3@b精装@dCNY120.00 | |
| 100 | @a20140313d2014 em y0chiy50 ea | |
| 101 | 0 | @achi |
| 102 | @aCN@b110000 | |
| 105 | @aa z 000zy | |
| 200 | 1 | @a毛泽东手迹精读@9mao ze dong shou ji jing du@b专著@f中央档案馆编 |
| 210 | @a北京@c北京出版社@d2014 | |
| 215 | @a122页@c图,彩照@d31cm | |
| 330 | @a本书设有“自作诗词”、“题词题字”、“书简信函”、“文电书稿”、“批注札记”和“古人诗词”六个部分。 | |
| 600 | 0 | @a毛泽东@f(1893-1976)@x手稿 |
| 690 | @aA45@v5 | |
| 701 | 0 | @a毛泽东@9mao ze dong@f(1893 1976)@4著 |
| 712 | 02 | @a中央档案馆@9zhong yang dang an guan@4编 |
| 801 | 2 | @aCN@b58marc.cn@c20150122 |
| 905 | @aZUCC@dA45@e2 | |
| 毛泽东手迹精读/中央档案馆编.-北京:北京出版社,2014 |
| 122页:图,彩照;31cm |
| ISBN 978-7-200-10353-3(精装):CNY120.00 |
| 本书设有“自作诗词”、“题词题字”、“书简信函”、“文电书稿”、“批注札记”和“古人诗词”六个部分。 |
| ● |
| 相关链接 |
|
|
|
正题名:毛泽东手迹精读
索取号:A45/2
 
预约/预借
| 序号 | 登录号 | 条形码 | 馆藏地/架位号 | 状态 | 备注 |
| 1 | 2000875355 | 2000875355 | 第二书库/ [索取号:A45/2] | 在馆 | |
| 2 | 2000875356 | 2000875356 | 第二书库/ [索取号:A45/2] | 在馆 | |
| 3 | 2000875357 | 2000875357 | 第二书库/ [索取号:A45/2] | 在馆 |